[Event "Warsaw-ch opB 65th"]
[Site "Warsaw"]
[Date "2012.05.30"]
[Round "5"]
[White "Kalhorn, Marcin"]
[Black "Mincewicz, Tomasz"]
[Result "1-0"]
[WhiteElo "1624"]
[BlackElo "1416"]
[PlyCount "93"]
[EventDate "2012.05.26"]
[EventType "swiss"]
[EventRounds "9"]
[EventCountry "POL"]
[SourceTitle "EXT 2014"]
[Source "ChessBase"]
[SourceDate "2013.11.20"]
[SourceVersion "1"]
[SourceVersionDate "2013.11.20"]
[SourceQuality "1"]

1. e4 c5 2. Nc3 Nc6 3. f4 d6 4. Bb5 Nf6 5. Bxc6+ bxc6 6. Nf3 e6 7. 0-0 Be7 8. d3 0-0 9. b3 Rb8 10. g3 e5 11. fxe5 dxe5 12. Na4 Bg4 13. Ba3 Bxf3 14. Qxf3 Qd7 15. Bxc5 Bxc5+ 16. Nxc5 Qd4+ 17. Qf2 Rfd8 18. Qxd4 exd4 19. Rf4 Rb5 20. Na4 Nd7 21. Raf1 f6 22. Nb2 Ne5 23. h3 Ng6 24. Rf5 Ne7 25. R5f2 Rg5 26. Kg2 Ng6 27. Nc4 Rd7 28. Kh2 h5 29. Rf5 Re7 30. Rxg5 fxg5 31. Rf5 Rf7 32. Rxf7 Kxf7 33. Nd6+ Ke6 34. Nf5 Kf6 35. Nxd4 Ne5 36. Kg2 g6 37. Nf3 Nd7 38. d4 c5 39. c3 g4 40. hxg4 hxg4 41. Nh2 Kg5 42. Kf2 a5 43. Ke3 cxd4+ 44. cxd4 a4 45. bxa4 Nb6 46. d5 Nxa4 47. Kd4 1-0

[Event "Warsaw-ch opB 65th"]
[Site "Warsaw"]
[Date "2012.05.28"]
[Round "3"]
[White "Czorniej, Antonina"]
[Black "Kalhorn, Marcin"]
[Result "0-1"]
[WhiteElo "1317"]
[BlackElo "1624"]
[PlyCount "66"]
[EventDate "2012.05.26"]
[EventType "swiss"]
[EventRounds "9"]
[EventCountry "POL"]
[SourceTitle "EXT 2014"]
[Source "ChessBase"]
[SourceDate "2013.11.20"]
[SourceVersion "1"]
[SourceVersionDate "2013.11.20"]
[SourceQuality "1"]

1. e4 g6 2. d4 Bg7 3. c4 d6 4. Nc3 Nf6 5. f3 Nbd7 6. Be3 c6 7. Qd2 h6 8. Bd3 Qa5 9. Nge2 c5 10. 0-0 cxd4 11. Nxd4 a6 12. a3 Ne5 13. Be2 Bd7 14. Rfc1 Rc8 15. b4 Qd8 16. Nd5 Nxd5 17. cxd5 h5 18. b5 axb5 19. Nxb5 Nc4 20. Bxc4 Bxa1 21. Na7 Rxc4 22. Rxc4 0-0 23. Qb4 Qb8 24. Qb6 Bf6 25. Rc7 Bc8 26. Nxc8 Rxc8 27. Rxb7 Qa8 28. Qb4 Qa6 29. Kf2 Rc2+ 30. Kg3 Qe2 31. Bh6 Qxg2+ 32. Kf4 Be5+ 33. Ke3 Qe2# 0-1

[Event "Warsaw-ch opB 65th"]
[Site "Warsaw"]
[Date "2012.05.27"]
[Round "2"]
[White "Kalhorn, Marcin"]
[Black "Borowy, Cezary"]
[Result "0-1"]
[WhiteElo "1624"]
[BlackElo "1851"]
[PlyCount "72"]
[EventDate "2012.05.26"]
[EventType "swiss"]
[EventRounds "9"]
[EventCountry "POL"]
[SourceTitle "EXT 2014"]
[Source "ChessBase"]
[SourceDate "2013.11.20"]
[SourceVersion "1"]
[SourceVersionDate "2013.11.20"]
[SourceQuality "1"]

1. c4 c6 2. Nf3 d5 3. e3 Nf6 4. b3 Bg4 5. Bb2 e6 6. Be2 Nbd7 7. 0-0 Bd6 8. d4 0-0 9. Nbd2 Re8 10. Ne5 Bxe2 11. Qxe2 Qc7 12. f4 Bb4 13. Ndf3 Ne4 14. c5 Ba5 15. Rac1 Qd8 16. Rc2 f6 17. Nd3 Bc7 18. Bc3 e5 19. fxe5 Nxc3 20. Rxc3 fxe5 21. Ndxe5 Nxe5 22. Nxe5 Bxe5 23. dxe5 Rxe5 24. Qf2 Qe7 25. Qg3 Re8 26. Rf3 d4 27. exd4 Re1+ 28. Rf1 Rxf1+ 29. Kxf1 Qe2+ 30. Kg1 Qd1+ 31. Kf2 Qe1+ 32. Kf3 Qxc3+ 33. Kf4 Qxd4+ 34. Kf5 g6+ 35. Kg5 Re5+ 36. Kh6 Rh5# 0-1

[Event "Warsaw MG-ch 2nd"]
[Site "Warsaw"]
[Date "2012.02.27"]
[Round "7"]
[White "Tomczyk, Ryszard"]
[Black "Kalhorn, Marcin"]
[Result "0-1"]
[WhiteElo "1439"]
[BlackElo "1662"]
[PlyCount "44"]
[EventDate "2012.01.02"]
[EventType "swiss"]
[EventRounds "11"]
[EventCountry "POL"]
[SourceTitle "EXT 2014"]
[Source "ChessBase"]
[SourceDate "2013.11.20"]
[SourceVersion "1"]
[SourceVersionDate "2013.11.20"]
[SourceQuality "1"]

1. e4 e6 2. Bc4 d5 3. exd5 exd5 4. Bb3 c6 5. d4 Bd6 6. h3 Ne7 7. Be3 0-0 8. c3 Nf5 9. Bd2 Re8+ 10. Ne2 Ng3 11. fxg3 Bxg3+ 12. Kf1 Qf6+ 13. Nf4 g5 14. Qf3 gxf4 15. Na3 b6 16. Nc2 Ba6+ 17. c4 dxc4 18. Nb4 c3+ 19. Nxa6 cxd2 20. Qc3 Qxd4 21. Qxg3+ fxg3 22. Nb4 Qf6+ 0-1

[Event "Warsaw MG-ch 2nd"]
[Site "Warsaw"]
[Date "2012.01.02"]
[Round "1"]
[White "Prazmowski, Wlodzimierz"]
[Black "Kalhorn, Marcin"]
[Result "1/2-1/2"]
[WhiteElo "1604"]
[BlackElo "1662"]
[PlyCount "124"]
[EventDate "2012.01.02"]
[EventType "swiss"]
[EventRounds "11"]
[EventCountry "POL"]
[SourceTitle "EXT 2014"]
[Source "ChessBase"]
[SourceDate "2013.11.20"]
[SourceVersion "1"]
[SourceVersionDate "2013.11.20"]
[SourceQuality "1"]

1. d4 d6 2. c4 e5 3. dxe5 dxe5 4. Qxd8+ Kxd8 5. Nf3 f6 6. Nc3 Be6 7. e4 Nd7 8. Be3 c6 9. a3 a5 10. 0-0-0 Kc7 11. Nd2 Ne7 12. Na4 b6 13. f4 exf4 14. Bxf4+ Kb7 15. Be2 Ng6 16. Bg3 Nge5 17. Kb1 Rd8 18. Rc1 Nc5 19. Nxc5+ Bxc5 20. Nf3 Nxf3 21. gxf3 Rd2 22. Rc2 Rhd8 23. Bf4 R2d7 24. Kc1 g5 25. Bd2 Bd4 26. h4 gxh4 27. Rxh4 Rg8 28. Rh1 Rdg7 29. Bf4 Rg1+ 30. Rxg1 Rxg1+ 31. Kd2 h5 32. Be3 Bxe3+ 33. Kxe3 h4 34. Bd3 h3 35. Rh2 Rg2 36. Rxg2 hxg2 37. Kf2 Bh3 38. Be2 a4 39. f4 Kc7 40. Bf3 g1Q+ 41. Kxg1 Kd6 42. Kf2 Kc5 43. Be2 b5 44. cxb5 cxb5 45. Ke3 Bd7 46. Kd3 b4 47. axb4+ Kxb4 48. Bd1 a3 49. bxa3+ Kxa3 50. Kc4 Kb2 51. Kd5 Kc3 52. Bh5 Kd3 53. Bg6 Ke3 54. e5 fxe5 55. Kxe5 Kf3 56. Bf5 Ba4 57. Be4+ Kg4 58. f5 Kg5 59. Ke6 Bb3+ 60. Ke7 Kf4 61. Bb1 Bd5 62. f6 Ke5 1/2-1/2

[Event "Warsaw-ch opB 64th"]
[Site "Warsaw"]
[Date "2011.05.12"]
[Round "6"]
[White "Kalhorn, Marcin"]
[Black "Nowak, Edward"]
[Result "1-0"]
[WhiteElo "1614"]
[BlackElo "1833"]
[PlyCount "129"]
[EventDate "2011.05.07"]
[EventType "swiss"]
[EventRounds "9"]
[EventCountry "POL"]
[SourceTitle "EXT 2012"]
[Source "ChessBase"]
[SourceDate "2011.11.24"]
[SourceVersion "1"]
[SourceVersionDate "2011.11.24"]
[SourceQuality "1"]

1. e4 Nf6 2. e5 Nd5 3. d4 d6 4. c4 Nb6 5. exd6 exd6 6. Nc3 Be7 7. Bd3 Nc6 8. Nge2 Bg4 9. Be3 Bf6 10. Qd2 Nb4 11. 0-0 0-0 12. f3 Bd7 13. Ne4 Nxd3 14. Nxf6+ Qxf6 15. Qxd3 Rfe8 16. b3 Qe7 17. Kf2 Bf5 18. Qd2 d5 19. c5 Nd7 20. Bf4 Nf8 21. Nc3 c6 22. Bg5 Qd7 23. Bh4 f6 24. Bg3 Bg6 25. a4 a5 26. Ra2 Re6 27. Kg1 Rae8 28. Bf2 Qd8 29. Rb2 b6 30. b4 axb4 31. Rxb4 bxc5 32. dxc5 Qa5 33. Qd4 Nd7 34. Rb7 Ne5 35. Bg3 Qa6 36. Rb6 Qa7 37. f4 Nd7 38. f5 Bxf5 39. Rxf5 Nxb6 40. cxb6 Qa6 41. Rf1 R8e7 42. Qc5 Qd3 43. Bf2 Rd7 44. Qd4 Qa6 45. Qb4 Kf7 46. Rb1 Rb7 47. Qc5 Qd3 48. a5 g6 49. Ra1 Qa6 50. Na2 Rbe7 51. Nb4 Qc8 52. a6 Qa8 53. Ra2 Re4 54. b7 Qe8 55. h3 Rc4 56. Qb6 Rc1+ 57. Kh2 Qb8+ 58. g3 Qe5 59. b8Q Qe4 60. Bg1 Rxg1 61. Kxg1 Qe3+ 62. Kg2 Qe4+ 63. Kh2 Qe1 64. Qf2 Qxb4 65. Qxb4 1-0